00277nam a2200121Ia 45000030006000000080041000060400015000471000024000622450020000862600020001065460012001260050017001380STCL150530s9999 xx 000 0 und d aSTCLcSTCL aRawlinson, H.G.; Ed aLiterary essays bMacmillanc1920 aEnglish20220125171105.0